header

Institutional failures (Record no. 233989)

MARC details
000 -LEADER
fixed length control field 01575nam a2200373Ia 4500
082 04 - DEWEY DECIMAL CLASSIFICATION NUMBER
Classification number 364.15/3209756563
245 00 - TITLE STATEMENT
Title Institutional failures
260 ## - PUBLICATION, DISTRIBUTION, ETC. (IMPRINT)
Place of publication Burlington, VT :
Name of publisher Ashgate,
Year of publication c2010.
300 ## - PHYSICAL DESCRIPTION
Number of Pages vi, 212 p.
650 #0 - SUBJECT ADDED ENTRY--TOPICAL TERM
Topical Term Prosecutorial misconduct
Topical Term Malicious accusation
Topical Term Rape
Topical Term Mass media and criminal justice
700 1# - ADDED ENTRY--PERSONAL NAME
Personal name Wasserman, Howard M.
856 40 - ELECTRONIC LOCATION AND ACCESS
Uniform Resource Identifier http://site.ebrary.com/lib/rucke/Doc?id=10433682

No items available.

© 2026 Rongo University
Contact us: librarian | system librarian | Rongo university